000 00357pab a2200145 454500
008 180718b2004 xxu||||| |||| 00| 0 eng d
100 _aSrivastava, Vinay Kumar
245 _aAnthropology in India: a comment
260 _c2004
300 _ap.127-52.
362 _aApr-Jun
650 _aAnthropology
773 _aEastern Anthropologist
909 _a61607
999 _c61607
_d61607